Wordperfect 5.1 instant reference
Zapisane w:
| 1. autor: | |
|---|---|
| Format: | Książka |
| Język: | Undetermined |
| Wydane: |
Singapore
Tech Publications
1990
|
| Hasła przedmiotowe: | |
| Etykiety: |
Dodaj etykietę
Nie ma etykietki, Dołącz pierwszą etykiete!
|
| Thư viện lưu trữ: | Trung tâm Học liệu Trường Đại học Cần Thơ |
|---|
| LEADER | 00534nam a2200169Ia 4500 | ||
|---|---|---|---|
| 001 | CTU_5140 | ||
| 008 | 210402s9999 xx 000 0 und d | ||
| 082 | |a 005.36 | ||
| 082 | |b H342 | ||
| 100 | |a Greg Harvey | ||
| 245 | 0 | |a Wordperfect 5.1 instant reference | |
| 245 | 0 | |c Greg Harvey, Kay Varborough Nelson | |
| 260 | |a Singapore | ||
| 260 | |b Tech Publications | ||
| 260 | |c 1990 | ||
| 650 | |a programming languages ( electronic computers ),wordperfect ( computer programs ) | ||
| 980 | |a Trung tâm Học liệu Trường Đại học Cần Thơ | ||